000 002690000a22000970004500
100 1 _aRéamonn, Páraic
245 1 0 _aShould you not have had mercy?
300 _aVol. 47, Num. 3 & 4 (Septiembre-Diciembre, 1997), Páginas 97-100
773 0 _tReformed World
942 _cANA
999 _c55494
_d55494